| 000 | 00205nam a22000737a 4500 | ||
|---|---|---|---|
| 999 |
_c24491 _d24491 |
||
| 003 | Nust | ||
| 005 | 20170515173937.0 | ||
| 008 | 140529b xxu||||| |||| 00| 0 eng d | ||
| 020 |
_cAvailable _a 978-0123708670 |
||
| 040 |
_aDLC _bDLC _cRCMS |
||
| 082 |
_21st,ed. _a621.3822 VAN |
||
| 100 |
_aWin Van Drongeler _9797 |
||
| 245 |
_aSignal Processing for Neuroscientists _b An Introduction to the Analysis of Physiological Signals |
||
| 260 |
_aUSA _bAcademic Press _ccDecember 27, 2006 |
||
| 300 |
_aviii,308,p: _bill: _c25,cm. |
||
| 538 | _iShelf # 15, Row # 5, Communication. | ||
| 650 |
_aBiomedical engineering _9798 |
||
| 856 | _3Table of Content Only | ||
| 942 |
_2ddc _cBK |
||